|
|
|
|
| LEADER |
01776nam a2200421 a 4500 |
| 001 |
000677566 |
| 003 |
CZ BrMZK |
| 005 |
20100608121934.0 |
| 007 |
ta |
| 008 |
030714s2003 xr e f 000 0 cze d |
| 015 |
|
|
|a cnb001277580
|
| 020 |
|
|
|a 80-239-1341-7
|q (brož.)
|
| 035 |
|
|
|a (OCoLC)56871435
|
| 040 |
|
|
|a BOA001
|b cze
|
| 072 |
|
7 |
|a 159.92
|x Vývojová psychologie. Individuální psychologie
|2 Konspekt
|9 17
|
| 080 |
|
|
|a 159.9:575.8
|2 MRF
|
| 080 |
|
|
|a 159.913
|2 MRF
|
| 080 |
|
|
|a 37.03:[007+004
|2 MRF
|
| 080 |
|
|
|a 028.02
|2 MRF
|
| 080 |
|
|
|a 159.923.2
|2 MRF
|
| 080 |
|
|
|a (035)
|2 MRF
|
| 100 |
1 |
|
|a Homola, Karel
|7 ola2003199602
|4 aut
|
| 245 |
1 |
0 |
|a Otevírání informačních bran, aneb, O užitečnosti odhalování tajemství životu prospěšných i škodlivých informačních toků :
|b návod k funkčnímu porozumění informacím o relativizaci postmoderních pluralitních vývojových nároků globalizující se informační gramotnosti : verze interaktivní /
|c Karel Homola
|
| 246 |
3 |
3 |
|a O užitečnosti odhalování tajemství životu prospěšných i škodlivých informačních toků
|
| 250 |
|
|
|a Vyd. 1.
|
| 260 |
|
|
|a Radostín nad Oslavou :
|b Karel Homola,
|c 2003
|
| 300 |
|
|
|a [142] s. ;
|c 15 x 22 cm
|
| 490 |
1 |
|
|a Základy evoluční gramotnosti
|
| 650 |
0 |
7 |
|a evoluční psychologie
|7 ph120409
|2 czenas
|
| 650 |
0 |
7 |
|a psychohygiena
|7 ph115945
|2 czenas
|
| 650 |
0 |
7 |
|a informační výchova
|7 ph121109
|2 czenas
|
| 650 |
0 |
7 |
|a čtení
|7 ph128190
|2 czenas
|
| 650 |
0 |
7 |
|a vývoj osobnosti
|7 ph200851
|2 czenas
|
| 655 |
|
7 |
|a příručky
|7 fd133209
|2 czenas
|
| 830 |
|
0 |
|a Základy evoluční gramotnosti
|0 s
|
| 910 |
|
|
|a BOA001
|b 2-1120.409
|
| 990 |
|
|
|a BK
|
| 996 |
6 |
|
|b 2610195428
|c 2-1120.409
|l MZK
|r Sklad / do 1 hodiny
|n 3
|p p.v.
|w 000677566
|u 000010
|a 1
|e BOA001
|j MZK50
|s P
|